[Event "OP-2011-0-01962"]
[Site "LSS email"]
[Date "2011.12.27"]
[Round "?"]
[White "Dumont, Andreas"]
[Black "Perepechenko, Vladislav"]
[Result "0-1"]
[WhiteElo "1800"]
[BlackElo "1424"]
[PlyCount "58"]
[EventDate "2011.12.24"]
[EventType "tourn (corr)"]
[EventRounds "4"]
[EventCountry "GER"]
[SourceTitle "Telechess CBM 157"]
[Source "ChessBase"]
[SourceDate "2013.11.12"]
[SourceVersion "1"]
[SourceVersionDate "2013.11.12"]
[SourceQuality "1"]

1. e4 c5 2. Nc3 Nc6 3. f4 g6 4. Nf3 Bg7 5. Bc4 e6 6. f5 Nge7 7. fxe6 fxe6 8. d3 d5 9. Bb3 b5 10. a3 a5 11. exd5 exd5 12. Bg5 a4 13. Ba2 h6 14. Bxe7 Nxe7 15. 0-0 b4 16. axb4 a3 17. Bxd5 Nxd5 18. Qe1+ Ne7 19. bxc5 Bb7 20. Nb5 0-0 21. Rxa3 Nf5 22. Rxa8 Bxa8 23. Kh1 Kh7 24. b4 Bc6 25. Na3 Qa8 26. Nc4 Nd4 27. Ncd2 Nxf3 28. Nxf3 Bxf3 29. Rxf3 Rxf3 0-1